Thịnh vượng tài chính tuổi 30

Các cách quản lý tài chính cá nhân hiệu quả ở lứa tuổi 30

Wedi'i Gadw mewn:
Manylion Llyfryddiaeth
Prif Awdur: Go, Deuk-Seong
Fformat: Llyfr
Iaith:Undetermined
Cyhoeddwyd: Hà Nội Lao động - Xã hội 2013
Pynciau:
Tagiau: Ychwanegu Tag
Dim Tagiau, Byddwch y cyntaf i dagio'r cofnod hwn!
Thư viện lưu trữ: Trung tâm Học liệu Trường Đại học Cần Thơ
LEADER 00701nam a2200205Ia 4500
001 CTU_196773
008 210402s9999 xx 000 0 und d
020 |c 69000 
082 |a 332.024 
082 |b G573/T.2 
100 |a Go, Deuk-Seong 
245 0 |a Thịnh vượng tài chính tuổi 30 
245 0 |c Go, Deuk-Seong ; Mai Hoa, Nam Khánh (dịch) 
260 |a Hà Nội 
260 |b Lao động - Xã hội 
260 |c 2013 
520 |a Các cách quản lý tài chính cá nhân hiệu quả ở lứa tuổi 30 
650 |a Finance, Personal,Tài chính, cá nhân 
904 |i Nguyên 
980 |a Trung tâm Học liệu Trường Đại học Cần Thơ